| 000 | 01000cab a2200205 4500 | ||
|---|---|---|---|
| 001 | ##L132344 | ||
| 008 | 060130n2006 000 0 eng u | ||
| 035 | _a(Sirsi) u132344 | ||
| 041 | 0 | _aeng | |
| 100 | 1 | _aWoods, Michael | |
| 245 | 0 | 0 | _aGet ready to share |
| 260 | _c2006 | ||
| 490 | 0 |
_aBuilding _v271(8415) 27 January 2006, 64-65(2) |
|
| 520 | _aThe Environmental Information Regulations 2004 have now been in existence for 12 months. This article outlines the types of information that can be requested, the procedures to be followed, and reasons for refusing to supply information. At present, it is difficult to assess the impact of the regulations, but it is anticipated that as knowledge of them grows, more effective use will be made of them, particularly in PFI and land-use planning projects. | ||
| 590 | _aIKA310106 | ||
| 650 | 2 | 4 | _aFREEDOM OF INFORMATION ACT 2000 |
| 650 | 2 | 4 | _aENVIRONMENTAL INFORMATION REGULATIONS 2004 |
| 690 |
_aPlanning and development _96259 |
||
| 942 | _n0 | ||
| 999 |
_c76406 _d76406 |
||